LEADER 00597nam a2200169 i 4500 001 000000103846 003 CaOOAMICUS 005 20260402101020.0 008 011017n it u000 u mul u 040 $aSeMil$bita 245 10$a2: Tedesco - Italiano. 300 $aXXI, 1254 p. 773 0 $aBidoli, Emilio$tDizionario italiano-tedesco, tedesco-italiano.$dTorino : Paravia, 1964.$gParte2$w()3305 850 $aSeMil 852 $aSeMil$W1$xVenegono$y1$m1P III 37/2$j269611$B60294$CSeMilBibl$Z2$F44774 $81 996 $6245$a2: Tedesco - Italiano$9(OLS)http://semarc/title/150686